Statistics for Countries that discovered elements

Click here to take the quiz!

General Stats

  • This quiz has been taken 71 times
  • The average score is 11 of 13

Answer Stats

No. of elements discoveredCountry% Correct
23United Kingdom
99%
17United States
99%
6Russia
97%
17France
96%
19Germany
96%
2Spain
94%
1Italy
87%
19Sweden
84%
2Switzerland
76%
2Austria
75%
2Denmark
65%
1Finland
57%
1Romania
49%

Score Distribution

Percentile by Number Answered

Percent of People with Each Score

Your Score History

You have not taken this quiz